Ligue 1 Managers 2025/2026 - Statistics

General Stats
  • This quiz has been taken 297 times
    46 since last reset
  • The average score is 11 of 18
Answer Stats
Team Since Manager % Correct
Paris Saint-Germain 2023 Luis Enrique
100%
Marseille 2024 Roberto De Zerbi
86%
Lyon 2025 Paulo Fonseca
78%
Lille 2024 Bruno Génésio
76%
Lens 2025 Pierre Sage
76%
Stade Rennais 2025 Habib Beye
73%
Strasbourg 2024 Liam Rosenior
73%
Monaco 2023 Adi Hütter
70%
Stade Brest 2023 Éric Roy
70%
Nice 2024 Franck Haise
65%
Le Havre 2024 Didier Digard
59%
Toulouse 2023 Carles Martínez
51%
Auxerre 2022 Christophe Pélissier
49%
Lorient 2024 Olivier Pantaloni
49%
Angers 2023 Alexandre Dujeux
43%
Nantes 2025 Luís Castro
41%
Paris FC 2023 Stéphane Gilli
38%
Metz 2024 Stéphane Le Mignan
19%
No matching quizzes found
Score Distribution
Percent of People with Each Score
Percentile by Number Answered
Your Score History
You have not taken this quiz since the last reset